00550nam a2200193Ia 450000500170000000800410001702000260005804000190008404100120010308200160011524500730013126000360020430000130024050400190025365000190027265100290029170000260032085000100034620221126112546.0131103s9999 xx 000 0 und d a8176466204cRs.995.00 aLoreto College aEnglish a954.14bPAL aBengal miscellany(Vol.1)cEdited by Chittabrata Palit and Kabita Ray aNew DelhibB.R.Publishingc2008 aix,313p  aIncludes index aBengal-History aBengal-Social conditions aPalit,Chittabrata,ed. aLCLIB